Alle Mitgliedsstaaten der Fifa - Länderpunkte Quiz - Statistiken

Allgemein
  • Dieses Quiz wurde 11 mal gespielt
    3 seit der letzten Aktualisierung
  • Das Durchschnittsergebnis liegt bei 133 aus 210
Antwortstatistiken
Antwort % Korrekt
Frankreich
100%
Malta
100%
Afghanistan
67%
Ägypten
67%
Albanien
67%
Algerien
67%
Andorra
67%
Angola
67%
Antigua und Barbuda
67%
Äquatorialguinea
67%
Argentinien
67%
Armenien
67%
Aruba
67%
Aserbaidschan
67%
Äthiopien
67%
Australien
67%
Bahamas
67%
Bahrain
67%
Bangladesch
67%
Barbados
67%
Belarus
67%
Belgien
67%
Belize
67%
Benin
67%
Bhutan
67%
Bolivien
67%
Bosnien
67%
Brasilien
67%
Brunei
67%
Bulgarien
67%
Burkina Faso
67%
Burundi
67%
Chile
67%
China
67%
Costa Rica
67%
Curaçao
67%
Dänemark
67%
Deutschland
67%
Uruguay
67%
USA
67%
Dominica
67%
Dominikanische Republik
67%
DR Kongo
67%
Ecuador
67%
Elfenbeinküste
67%
El Salvador
67%
England
67%
Estland
67%
Eswatini
67%
Färöer
67%
Fidschi
67%
Finnland
67%
Gabun
67%
Gambia
67%
Georgien
67%
Ghana
67%
Gibraltar
67%
Grenada
67%
Griechenland
67%
Guatemala
67%
Guinea
67%
Guinea-Bissau
67%
Guyana
67%
Haiti
67%
Honduras
67%
Indien
67%
Indonesien
67%
Irak
67%
Iran
67%
Irland
67%
Island
67%
Israel
67%
Italien
67%
Jamaika
67%
Japan
67%
Jemen
67%
Jordanien
67%
Kambodscha
67%
Kamerun
67%
Kanada
67%
Kap Verde
67%
Kasachstan
67%
Katar
67%
Kenia
67%
Kirgisistan
67%
Kolumbien
67%
Komoren
67%
Kongo
67%
Kosovo
67%
Kroatien
67%
Kuba
67%
Kuwait
67%
Laos
67%
Lesotho
67%
Lettland
67%
Libanon
67%
Liberia
67%
Libyen
67%
Liechtenstein
67%
Litauen
67%
Luxemburg
67%
Madagaskar
67%
Malawi
67%
Malaysia
67%
Malediven
67%
Mali
67%
Marokko
67%
Mauretanien
67%
Mauritius
67%
Mexiko
67%
Moldawien
67%
Mongolei
67%
Montenegro
67%
Mosambik
67%
Namibia
67%
Nepal
67%
Neuseeland
67%
Nicaragua
67%
Niederlande
67%
Niger
67%
Nigeria
67%
Nordirland
67%
Nordkorea
67%
Nordmazedonien
67%
Norwegen
67%
Oman
67%
Österreich
67%
Pakistan
67%
Panama
67%
Papua-Neuguinea
67%
Paraguay
67%
Peru
67%
Philippinen
67%
Polen
67%
Portugal
67%
Ruanda
67%
Rumänien
67%
Russland
67%
Salomonen
67%
Sambia
67%
Samoa
67%
San Marino
67%
Sao Tome und Principe
67%
Saudi-Arabien
67%
Schottland
67%
Schweden
67%
Schweiz
67%
Senegal
67%
Serbien
67%
Seychellen
67%
Sierra Leone
67%
Simbabwe
67%
Singapur
67%
Slowakei
67%
Slowenien
67%
Somalia
67%
Spanien
67%
Sri Lanka
67%
St. Kitts und Nevis
67%
St. Lucia
67%
St. Vincent
67%
Südafrika
67%
Sudan
67%
Südkorea
67%
Südsudan
67%
Suriname
67%
Syrien
67%
Tadschikistan
67%
Tansania
67%
Thailand
67%
Timor-Leste
67%
Togo
67%
Tonga
67%
Trinidad und Tobago
67%
Tschad
67%
Tschechien
67%
Tunesien
67%
Türkei
67%
Turkmenistan
67%
Uganda
67%
Ukraine
67%
Ungarn
67%
Usbekistan
67%
Vanuatu
67%
Venezuela
67%
Vereinigte Arabische Emirate
67%
Vietnam
67%
Wales
67%
Zentralafrikanische Republik
67%
Zypern
67%
Amerikanische Jungferninseln
33%
Amerikanisch Samoa
33%
Anguilla
33%
Bermuda
33%
Botsuana
33%
Britische Jungferninseln
33%
Cayman-Inseln
33%
Cookinseln
33%
Dschibuti
33%
Guam
33%
Hongkong
33%
Macau
33%
Montserrat
33%
Myanmar
33%
Neukaledonien
33%
Palästina
33%
Puerto Rico
33%
Tahiti
33%
Chinese Taipei
0%
Turks- und Caicosinseln
0%
Keine übereinstimmenden Quizze gefunden
Verteilung der Resultate
Anzahl Personen mit jedem Resultat
Perzentil nach korrekt beantworteten Fragen
Ihre Resultats-Entwicklung
Sie haben dieses Quiz seit der letzten Aktualisierung nicht gespielt